[Event "23rd ETCC Open 2021"]
[Site "Catez"]
[Date "2021.11.15"]
[Round "4.23"]
[White "Skoberne, Jure"]
[Black "Warmerdam, Max"]
[Result "1/2-1/2"]
[WhiteElo "2562"]
[BlackElo "2608"]
[Annotator "ChessBase"]
[PlyCount "34"]
[EventDate "2021.11.08"]
[EventType "team-tourn"]
[EventCountry "SLO"]
[SourceTitle "playchess.com"]
[Source "ChessBase"]
[SourceQuality "1"]
[WhiteTeam "Slovenia"]
[BlackTeam "Netherlands"]
[WhiteTeamCountry "SLO"]
[BlackTeamCountry "NED"]
[TimeControl "40/5400+30:1800+30"]

1. d4 d5 2. Nf3 Nf6 3. Bf4 c5 4. e3 Nc6 5. Nbd2 Qb6 6. dxc5 Qxb2 7. Rb1 Qc3 8.
Bd3 g6 9. O-O Bg7 10. Rb5 a6 11. Nb1 Qa1 12. Rb3 Nd7 13. Qe2 Qxa2 14. Ra3 Qb2
15. Rb3 Qa2 16. Ra3 Qb2 17. Rb3 Qa2 1/2-1/2

[Event "23rd ETCC Open 2021"]
[Site "Catez"]
[Date "2021.11.15"]
[Round "4.24"]
[White "Van den Doel, Erik"]
[Black "Sebenik, Matej"]
[Result "1/2-1/2"]
[WhiteElo "2594"]
[BlackElo "2509"]
[Annotator "ChessBase"]
[PlyCount "75"]
[EventDate "2021.11.08"]
[EventType "team-tourn"]
[EventCountry "SLO"]
[SourceTitle "playchess.com"]
[Source "ChessBase"]
[SourceQuality "1"]
[WhiteTeam "Netherlands"]
[BlackTeam "Slovenia"]
[WhiteTeamCountry "NED"]
[BlackTeamCountry "SLO"]
[TimeControl "40/5400+30:1800+30"]

1. Nf3 Nf6 2. g3 g6 3. Bg2 Bg7 4. O-O O-O 5. d4 d5 6. c3 Bf5 7. Qb3 Qc8 8. Bg5
c6 9. c4 dxc4 10. Qxc4 h6 11. Bf4 g5 12. Be5 Nbd7 13. Nc3 g4 14. Nh4 Be6 15.
Qb4 Nxe5 16. dxe5 Nd7 17. Qxe7 Qd8 18. Qa3 Nxe5 19. Rad1 Nc4 20. Rxd8 Nxa3 21.
Rxa8 Rxa8 22. Na4 Nb5 23. Nc5 Bxa2 24. Nxb7 Rb8 25. Ra1 Bd5 26. Bxd5 cxd5 27.
Nc5 Bxb2 28. Ra4 Bd4 29. Na6 Rb6 30. Kg2 h5 31. Nf5 Bf6 32. Nc5 Bg5 33. Ra5 Kh7
34. Nd7 Rb7 35. Nc5 Rb6 36. Nd7 Rb7 37. Nc5 Rb6 38. Nd7 1/2-1/2

[Event "23rd ETCC Open 2021"]
[Site "Catez"]
[Date "2021.11.15"]
[Round "4.25"]
[White "Indjic, Aleksandar"]
[Black "Navara, David"]
[Result "0-1"]
[WhiteElo "2612"]
[BlackElo "2699"]
[Annotator "TA"]
[PlyCount "116"]
[EventDate "2021.11.08"]
[EventType "team-tourn"]
[EventCountry "SLO"]
[SourceTitle "playchess.com"]
[Source "ChessBase"]
[SourceQuality "1"]
[WhiteTeam "Serbia"]
[BlackTeam "Czech Republic"]
[WhiteTeamCountry "SRB"]
[BlackTeamCountry "CZE"]

{[%evp 13,116,0,15,16,18,0,20,0,21,-4,-14,-21,-13,-21,-27,-30,-14,-13,-9,-8,
-16,-33,-24,-37,-29,-40,-33,-39,0,0,0,0,0,-9,0,-16,-17,-63,-63,-54,0,-43,-18,
-34,-26,-53,-34,-49,-47,-55,-53,-69,-53,-63,-53,-81,-66,-96,-67,-137,-112,-142,
-142,-139,-135,-221,-170,-151,-130,-333,-320,-316,-313,-315,-311,-325,-316,
-334,-328,-333,-317,-331,-317,-335,-275,-276,-288,-290,-275,-492,-477,-462,
-456,-583,-597,-579,-563,-935,-947,-933,-893,-908,-885,-910,-899]} 1. d4 Nf6 2.
c4 e6 3. Nf3 d5 4. Nc3 Bb4 5. Qa4+ Nc6 6. a3 Bxc3+ 7. bxc3 Bd7 8. cxd5 {
D38: Queen's Gambit Declined: Ragozin Defence (4 Nf3 Bb4).} exd5 9. Qc2 Na5 10.
Bg5 {The position is equal.} h6 11. Bxf6 Qxf6 {[#]} 12. Ne5 $146 ({Predecessor:
} 12. e3 O-O 13. Bd3 c5 14. Ne5 Be6 15. Qa4 b6 16. O-O Bf5 17. Bb5 Rac8 18.
Rac1 {0-1 (62) Vechet,S (2250)-Juricek,S (2270) Czech Republic 1998}) 12... Bf5
13. Qa4+ Nc6 14. e3 O-O 15. Nf3 a6 16. Be2 b5 17. Qd1 Na5 18. O-O Nc4 19. Nd2
Rfe8 20. Nb3 Qg5 (20... Nb2 $5 {[%cal Rb2d1]} 21. Qd2 Na4 $15) 21. Nc5 Bh3 {
[%csl Gh3][%cal Rg5g2] [#]} 22. Bf3 h5 23. Ra2 Bg4 24. Kh1 a5 25. h3 Bxf3 26.
gxf3 Reb8 (26... Qf5 $15 27. Kh2 a4) 27. Qe2 Rb6 {( -> ...Rg6)} 28. Rg1 Qf5 $40
{[%cal Rf5h3][%mdl 128] White needs to defend precisely.} 29. Kh2 Re8 30. f4
Rg6 31. Rxg6 Qxg6 32. Ra1 Qf5 33. Nd3 f6 34. Kg2 c6 35. Kh2 g6 36. h4 ({
White should try} 36. a4 $15) 36... Kh7 37. Kg3 Kh6 38. Kh2 a4 39. Kg2 (39. Ra2
$17 {keeps fighting.}) 39... Qe4+ 40. Kh2 Re7 41. Kg3 $2 {White does not
recover from this.} (41. Qd1 $17 {was worth a try.}) 41... Nd6 $19 42. Kh3 Nf5
43. Rg1 Qe6 44. Kh2 Nxh4 45. Rg3 Nf5 46. Rg1 Qe4 47. Qd1 {If White can now
play Nc5 this consolidates a bit.} Nd6 48. Nb4 Nc4 49. Nxc6 Rc7 50. Nb4 Nxa3 {
[%mdl 64] [#] Discovered Attack} 51. f3 $2 (51. Qf1 {is a better defense.})
51... Qf5 {Black is clearly winning.} 52. Qc1 Nc4 53. Re1 Re7 {Strongly
threatening ...Rxe3!} 54. Kg2 g5 {aiming for ...g4.} 55. Nxd5 Qxd5 56. e4 Qd6
57. e5 fxe5 58. fxe5 Qg6 {Weighted Error Value: White=0.30/Black=0.08} 0-1

[Event "23rd ETCC Open 2021"]
[Site "Catez"]
[Date "2021.11.15"]
[Round "4.26"]
[White "Nguyen, Thai Dai Van"]
[Black "Ivic, Velimir"]
[Result "1/2-1/2"]
[WhiteElo "2594"]
[BlackElo "2620"]
[Annotator "ChessBase"]
[PlyCount "52"]
[EventDate "2021.11.08"]
[EventType "team-tourn"]
[EventCountry "SLO"]
[SourceTitle "playchess.com"]
[Source "ChessBase"]
[SourceQuality "1"]
[WhiteTeam "Czech Republic"]
[BlackTeam "Serbia"]
[WhiteTeamCountry "CZE"]
[BlackTeamCountry "SRB"]
[TimeControl "40/5400+30:1800+30"]

1. d4 Nf6 2. c4 e6 3. Nf3 d5 4. g3 Be7 5. Bg2 O-O 6. O-O dxc4 7. Qc2 a6 8. a4
Bd7 9. Qxc4 Bc6 10. Bf4 Bd6 11. Nc3 Bxf4 12. gxf4 a5 13. Ne5 Bxg2 14. Kxg2 Na6
15. e3 c6 16. Qe2 Qe7 17. Rfd1 Nb4 18. h3 Ne8 19. Kh2 Nd6 20. Rg1 f6 21. Nf3
Nd5 22. Rg2 b5 23. Qc2 Nb4 24. Qe2 Nd5 25. Qc2 Nb4 26. Qe2 Nd5 1/2-1/2

[Event "23rd ETCC Open 2021"]
[Site "Catez"]
[Date "2021.11.15"]
[Round "4.27"]
[White "Ivanisevic, Ivan"]
[Black "Krejci, Jan"]
[Result "1-0"]
[WhiteElo "2604"]
[BlackElo "2565"]
[Annotator "TA"]
[PlyCount "63"]
[EventDate "2021.11.08"]
[EventType "team-tourn"]
[EventCountry "SLO"]
[SourceTitle "playchess.com"]
[Source "ChessBase"]
[SourceQuality "1"]
[WhiteTeam "Serbia"]
[BlackTeam "Czech Republic"]
[WhiteTeamCountry "SRB"]
[BlackTeamCountry "CZE"]

{[%evp 10,63,11,0,7,12,13,-16,-29,-18,-27,-10,-16,-37,-34,-37,19,17,18,25,26,
27,58,0,0,0,0,-23,39,31,68,0,0,20,103,51,71,55,65,0,0,0,316,330,306,228,868,
829,791,740,730,728,708,694,29992,29993]} 1. d4 d5 2. Nf3 Nf6 3. Bf4 Bf5 4. e3
e6 5. Nbd2 Bd6 6. Ne5 Nfd7 {D02: 1 d4 d5 2 Nf3 sidelines, including 2...Nf6 3
g3 and 2...Nf6 3 Bf4.} 7. g4 Bg6 8. h4 Bxe5 {The position is equal.} 9. dxe5 {
[#] Threatens to win with h5.} h6 $146 ({Predecessor:} 9... h5 10. c3 Nc6 11.
gxh5 Bxh5 12. Qb3 Nb6 13. a4 a5 14. Bb5 Qd7 15. Bg5 Nc8 {1-0 (39) Odintsev,A 
(1808)-Ishenov,B (2050) Cholpon Ata 2016}) 10. h5 Bh7 11. Rg1 Nc6 12. g5 hxg5 (
{Better is} 12... Ncxe5 $15 13. gxh6 gxh6) 13. Bxg5 $11 Ne7 14. Bf4 $36 {
[%mdl 2048] White has good play.} Rg8 15. Nf3 {[%cal Bd2f3,Bf3d4,Bd4b5][%mdl
32]} c6 16. a4 (16. Qd2 $14) 16... Qb6 17. Ra2 a5 18. Nd4 c5 (18... O-O-O $11)
19. Nb5 $14 Nc6 {Black wants to play ...Nb4.} 20. c3 Ncxe5 ({Much worse is} 
20... Ndxe5 21. h6 $14) 21. b3 f6 {[#]} (21... Ke7 $11 {keeps the balance.})
22. Rd2 (22. c4 $1 $16) 22... g5 23. hxg6 Bxg6 24. Bxe5 (24. c4 $14 O-O-O 25.
Bg2 (25. cxd5 Bc2 $11)) 24... Nxe5 $11 25. f4 $1 {[%cal Rf4e5]} Nd7 {[%mdl
8192] [#]} (25... c4 $11 {and Black has nothing to worry.} 26. Kf2 Nd3+ 27.
Bxd3 cxd3) 26. Rxg6 $1 $18 {[%mdl 576] Remove Defender} Rxg6 27. Qh5 Kf7 (27...
Nf8) 28. f5 {[%mdl 64] Overworked Piece} exf5 29. Rxd5 {[%mdl 64] Double Attack
} Qe6 {[#]} 30. Rxd7+ $1 {[%mdl 512]} Qxd7 31. Qh7+ Ke6 32. Bc4+ {Weighted
Error Value: White=0.15/Black=0.58} 1-0

[Event "23rd ETCC Open 2021"]
[Site "Catez"]
[Date "2021.11.15"]
[Round "4.28"]
[White "Zilka, Stepan"]
[Black "Markus, Robert"]
[Result "0-1"]
[WhiteElo "2593"]
[BlackElo "2609"]
[Annotator "ChessBase"]
[PlyCount "66"]
[EventDate "2021.11.08"]
[EventType "team-tourn"]
[EventCountry "SLO"]
[SourceTitle "playchess.com"]
[Source "ChessBase"]
[SourceQuality "1"]
[WhiteTeam "Czech Republic"]
[BlackTeam "Serbia"]
[WhiteTeamCountry "CZE"]
[BlackTeamCountry "SRB"]
[TimeControl "40/5400+30:1800+30"]

1. e4 e6 2. d4 d5 3. Nc3 dxe4 4. Nxe4 Bd7 5. Nf3 Bc6 6. Bd3 Nd7 7. O-O Ngf6 8.
Ng3 Be7 9. Re1 O-O 10. c3 a5 11. h4 a4 12. h5 h6 13. Bc2 Re8 14. Qd3 Bxf3 15.
Qxf3 c6 16. Bf4 Qa5 17. Rad1 Qd5 18. Qd3 Qxa2 19. Ra1 Qd5 20. c4 Qa5 21. Bd2
Qc7 22. Ne4 b5 23. c5 Nxe4 24. Rxe4 Nf6 25. Rg4 Bxc5 26. Bf4 e5 27. Bxh6 Bf8
28. Qf5 Qc8 29. Rg5 Qxf5 30. Rxf5 exd4 31. Bg5 Ne4 32. Bh4 Nc5 33. Rd1 Re2 0-1

[Event "23rd ETCC Open 2021"]
[Site "Catez"]
[Date "2021.11.15"]
[Round "4.29"]
[White "Pechac, Jergus"]
[Black "Jobava, Baadur"]
[Result "1/2-1/2"]
[WhiteElo "2562"]
[BlackElo "2582"]
[Annotator "ChessBase"]
[PlyCount "79"]
[EventDate "2021.11.08"]
[EventType "team-tourn"]
[EventCountry "SLO"]
[SourceTitle "playchess.com"]
[Source "ChessBase"]
[SourceQuality "1"]
[WhiteTeam "Slovakia"]
[BlackTeam "Georgia"]
[WhiteTeamCountry "SVK"]
[BlackTeamCountry "GEO"]
[TimeControl "40/5400+30:1800+30"]

1. d4 d5 2. c4 c6 3. Nf3 Nf6 4. Nc3 dxc4 5. e4 b5 6. Be2 Bg4 7. h3 Bxf3 8. Bxf3
e5 9. Be3 Nbd7 10. a4 Bb4 11. O-O a6 12. d5 Bxc3 13. bxc3 cxd5 14. exd5 O-O 15.
d6 e4 16. Bg4 Ne5 17. Qd4 Nexg4 18. hxg4 Nxg4 19. axb5 axb5 20. Bf4 Rxa1 21.
Rxa1 Qf6 22. Qxe4 g5 23. Bg3 Qe6 24. Qxe6 fxe6 25. Ra7 h5 26. Rc7 h4 27. Rc5
hxg3 28. Rxg5+ Kf7 29. Rxg4 gxf2+ 30. Kxf2 e5 31. Ke3 Rd8 32. Ke4 Rxd6 33. Rg5
Rd1 34. Kxe5 Rd3 35. Ke4 Rxc3 36. Rxb5 Rg3 37. Rc5 Rxg2 38. Rxc4 Rg4+ 39. Kd5
Rxc4 40. Kxc4 1/2-1/2

[Event "23rd ETCC Open 2021"]
[Site "Catez"]
[Date "2021.11.15"]
[Round "4.30"]
[White "Paichadze, Luka"]
[Black "Druska, Juraj"]
[Result "1/2-1/2"]
[WhiteElo "2551"]
[BlackElo "2508"]
[Annotator "ChessBase"]
[PlyCount "132"]
[EventDate "2021.11.08"]
[EventType "team-tourn"]
[EventCountry "SLO"]
[SourceTitle "playchess.com"]
[Source "ChessBase"]
[SourceQuality "1"]
[WhiteTeam "Georgia"]
[BlackTeam "Slovakia"]
[WhiteTeamCountry "GEO"]
[BlackTeamCountry "SVK"]
[TimeControl "40/5400+30:1800+30"]

1. e4 c5 2. Nf3 e6 3. c3 Nf6 4. e5 Nd5 5. d4 cxd4 6. cxd4 d6 7. Bc4 Be7 8. O-O
O-O 9. Qe2 a6 10. Nc3 dxe5 11. Nxe5 Nc6 12. Nxc6 bxc6 13. Ne4 a5 14. Rd1 Qb6
15. Bg5 Bxg5 16. Nxg5 Nf6 17. Rac1 Rd8 18. Nf3 Bb7 19. Rc3 a4 20. Bd3 g6 21.
Qd2 Ra5 22. Rdc1 Rad5 23. Qc2 Ra5 24. a3 Qa7 25. Rc5 Rxc5 26. Qxc5 Qxc5 27.
Rxc5 Nd7 28. Ra5 c5 29. Rxa4 Nb6 30. Ra5 Bxf3 31. gxf3 Rxd4 32. Bf1 c4 33. Rc5
Rd2 34. Rb5 Na4 35. Bxc4 Nxb2 36. Bf1 Nd1 37. a4 Ra2 38. a5 Nxf2 39. Rb1 h5 40.
a6 Kg7 41. a7 Nh3+ 42. Bxh3 Rxa7 43. Bf1 Kf6 44. Kf2 Kg5 45. Rb4 Kf5 46. h4 Ke5
47. Kg3 Kf6 48. Rb5 Kg7 49. Bd3 Kf6 50. Be4 Rc7 51. Rb7 Rxb7 52. Bxb7 e5 53.
Bd5 Kg7 54. Kf2 f6 55. Ke3 g5 56. Be6 g4 57. Bxg4 hxg4 58. fxg4 Kh6 59. h5 Kh7
60. Ke4 Kh6 61. Kf5 Kg7 62. h6+ Kf7 63. g5 fxg5 64. Kxg5 Kg8 65. Kf5 Kh7 66.
Kxe5 Kxh6 1/2-1/2

[Event "23rd ETCC Open 2021"]
[Site "Catez"]
[Date "2021.11.15"]
[Round "4.31"]
[White "Mazur, Stefan"]
[Black "Pantsulaia, Levan"]
[Result "0-1"]
[WhiteElo "2433"]
[BlackElo "2571"]
[Annotator "ChessBase"]
[PlyCount "76"]
[EventDate "2021.11.08"]
[EventType "team-tourn"]
[EventCountry "SLO"]
[SourceTitle "playchess.com"]
[Source "ChessBase"]
[SourceQuality "1"]
[WhiteTeam "Slovakia"]
[BlackTeam "Georgia"]
[WhiteTeamCountry "SVK"]
[BlackTeamCountry "GEO"]
[TimeControl "40/5400+30:1800+30"]

1. e4 c5 2. Nf3 e6 3. d4 cxd4 4. Nxd4 a6 5. Bd3 Ne7 6. O-O g6 7. Be3 Bg7 8. f4
Nbc6 9. c3 O-O 10. Nd2 d6 11. N2f3 Qc7 12. Qe1 Nxd4 13. cxd4 d5 14. e5 Bd7 15.
Rc1 Qb6 16. Qh4 Nf5 17. Bxf5 exf5 18. Qe7 Bc6 19. Qc5 Qxb2 20. Rf2 Qb5 21. Rfc2
Rfe8 22. Bd2 Bf8 23. Qc3 a5 24. Qe3 Rac8 25. Rc5 Bxc5 26. dxc5 d4 27. Nxd4 Qb2
28. Rc2 Qb1+ 29. Bc1 Red8 30. Rb2 Qe4 31. Qxe4 Bxe4 32. Be3 Rxc5 33. Nxf5 Rd1+
34. Kf2 Rc2+ 35. Rxc2 Bxc2 36. Nd6 Ra1 37. g4 Rxa2 38. Ke1 Bd3 0-1

[Event "23rd ETCC Open 2021"]
[Site "Catez"]
[Date "2021.11.15"]
[Round "4.32"]
[White "Quparadze, Giga"]
[Black "Sahidi, Samir"]
[Result "1/2-1/2"]
[WhiteElo "2475"]
[BlackElo "2432"]
[Annotator "ChessBase"]
[PlyCount "163"]
[EventDate "2021.11.08"]
[EventType "team-tourn"]
[EventCountry "SLO"]
[SourceTitle "playchess.com"]
[Source "ChessBase"]
[SourceQuality "1"]
[WhiteTeam "Georgia"]
[BlackTeam "Slovakia"]
[WhiteTeamCountry "GEO"]
[BlackTeamCountry "SVK"]
[TimeControl "40/5400+30:1800+30"]

1. e4 e5 2. Nf3 Nc6 3. Bb5 a6 4. Ba4 Nf6 5. d3 b5 6. Bb3 Bc5 7. c3 d6 8. O-O
O-O 9. Bg5 h6 10. Bh4 Rb8 11. Nbd2 Qe7 12. Re1 Kh8 13. Nf1 g5 14. Bg3 Bg4 15.
Qe2 Rg8 16. Ne3 Bxe3 17. Qxe3 Nh5 18. d4 Nf4 19. h3 Bh5 20. Nh2 Na5 21. Ng4
Bxg4 22. hxg4 c5 23. dxc5 dxc5 24. Rad1 Rbd8 25. Bxf4 exf4 26. Qh3 Kg7 27. Bd5
Nc4 28. Bxc4 bxc4 29. Qf3 Rge8 30. b3 Qe6 31. b4 cxb4 32. cxb4 Rxd1 33. Qxd1
Qe5 34. a3 Qc3 35. Kf1 Kg8 36. Qd5 f3 37. Qd1 Qxa3 38. gxf3 Qxb4 39. Kg2 c3 40.
Qd7 Qf8 41. e5 Re6 42. Qc7 Qb4 43. Re4 Qb2 44. Rc4 Qb6 45. Qd7 Rxe5 46. Rc7 Qf6
47. Rxc3 Kg7 48. Rc8 Re1 49. Rc7 Re2 50. Rb7 a5 51. Rb8 Rb2 52. Rb5 Rxb5 53.
Qxb5 Qa1 54. f4 gxf4 55. g5 h5 56. Qc6 a4 57. g6 fxg6 58. Qc7+ Kh8 59. Qxf4 Kh7
60. Qb4 Qa2 61. Qe7+ Kg8 62. Qe8+ Kg7 63. Qd7+ Kh6 64. Qd4 Kh7 65. Qd7+ Kg8 66.
Qe8+ Kg7 67. Qe5+ Kf7 68. Qf4+ Ke6 69. Qe4+ Kd6 70. Qf4+ Kc5 71. Qc7+ Kb4 72.
Qb6+ Ka3 73. Qd6+ Kb2 74. Qd2+ Kb3 75. Qd5+ Ka3 76. Qd6+ Kb2 77. Qd2+ Kb1 78.
Qd1+ Kb2 79. Qd2+ Ka3 80. Qd6+ Kb3 81. Qd5+ Kb2 82. Qd2+ 1/2-1/2

[Event "23rd ETCC Open 2021"]
[Site "Catez"]
[Date "2021.11.15"]
[Round "4.33"]
[White "Saric, Ivan"]
[Black "Nabaty, Tamir"]
[Result "1/2-1/2"]
[WhiteElo "2665"]
[BlackElo "2649"]
[Annotator "ChessBase"]
[PlyCount "114"]
[EventDate "2021.11.08"]
[EventType "team-tourn"]
[EventCountry "SLO"]
[SourceTitle "playchess.com"]
[Source "ChessBase"]
[SourceQuality "1"]
[WhiteTeam "Croatia"]
[BlackTeam "Israel"]
[WhiteTeamCountry "CRO"]
[BlackTeamCountry "ISR"]
[TimeControl "40/5400+30:1800+30"]

1. e4 e5 2. Nf3 Nf6 3. Nxe5 d6 4. Nf3 Nxe4 5. d4 d5 6. Bd3 Nc6 7. O-O Be7 8.
Nbd2 Bf5 9. Re1 Nxd2 10. Qxd2 Bxd3 11. Qxd3 O-O 12. c3 h6 13. Re2 Bd6 14. Bd2
Re8 15. Rxe8+ Qxe8 16. Qb5 Ne7 17. Qxb7 Rb8 18. Qxa7 Rxb2 19. Qa6 Rb6 20. Qe2
Qa4 21. Qd1 Qxd1+ 22. Rxd1 Nc6 23. Ra1 Na5 24. Be1 Nc4 25. Nd2 Na3 26. Nb3 Ra6
27. Rc1 Bf4 28. Bd2 Bxd2 29. Nxd2 Nb5 30. Rc2 Rc6 31. Nb3 Rxc3 32. Rxc3 Nxc3
33. a3 Kf8 34. f3 f5 35. Kf2 f4 36. Nc5 Nb5 37. Ne6+ Ke7 38. Nxf4 Kd6 39. Ke3
Nxa3 40. Kd3 Nc4 41. h4 g5 42. hxg5 hxg5 43. Nh3 g4 44. fxg4 c5 45. g5 cxd4 46.
Kxd4 Ne5 47. Nf4 Nc6+ 48. Ke3 Ke5 49. g4 Ne7 50. Kf3 d4 51. Nd3+ Kd5 52. Kf4
Ng6+ 53. Kf5 Nh4+ 54. Kf6 Ke4 55. Nc5+ Kf3 56. g6 Nxg6 57. Kxg6 Kxg4 1/2-1/2

[Event "23rd ETCC Open 2021"]
[Site "Catez"]
[Date "2021.11.15"]
[Round "4.34"]
[White "Mikhalevski, Victor"]
[Black "Brkic, Ante"]
[Result "1/2-1/2"]
[WhiteElo "2559"]
[BlackElo "2599"]
[Annotator "RC"]
[PlyCount "75"]
[EventDate "2021.11.08"]
[EventType "team-tourn"]
[EventCountry "SLO"]
[SourceTitle "playchess.com"]
[Source "ChessBase"]
[SourceQuality "1"]
[WhiteTeam "Israel"]
[BlackTeam "Croatia"]
[WhiteTeamCountry "ISR"]
[BlackTeamCountry "CRO"]
[TimeControl "40/5400+30:1800+30"]

1. Nf3 d5 2. g3 g6 3. Bg2 Bg7 4. d4 Nf6 5. O-O O-O 6. c4 c6 7. a4 Be6 8. a5 Na6
9. Qb3 c5 10. Ng5 Bg4 11. f3 Bd7 12. cxd5 cxd4 13. e4 h6 14. Nh3 e6 15. Nf4
exd5 16. e5 Ne8 17. Qxd5 Nec7 18. Qxd4 Bb5 19. Qxd8 Raxd8 20. Re1 Bxe5 21. Nc3
Bd4+ 22. Be3 Bc6 23. Nfd5 Bxe3+ 24. Nxe3 Nb4 25. Rad1 Ne6 26. Nc4 Nc2 27. Rxd8
Rxd8 28. Rd1 Rxd1+ 29. Nxd1 f6 30. f4 Ned4 31. Bxc6 Nxc6 32. Nc3 N2b4 33. Ne4
Nd5 34. Kf2 Kf8 35. Nc5 Nxa5 36. Nxa5 b6 37. Ncb3 bxa5 38. Nxa5 1/2-1/2

[Event "23rd ETCC Open 2021"]
[Site "Catez"]
[Date "2021.11.15"]
[Round "4.35"]
[White "Stevic, Hrvoje"]
[Black "Smirin, Ilia"]
[Result "1/2-1/2"]
[WhiteElo "2581"]
[BlackElo "2616"]
[Annotator "TA"]
[PlyCount "61"]
[EventDate "2021.11.08"]
[EventType "team-tourn"]
[EventCountry "SLO"]
[SourceTitle "playchess.com"]
[Source "ChessBase"]
[SourceQuality "1"]
[WhiteTeam "Croatia"]
[BlackTeam "Israel"]
[WhiteTeamCountry "CRO"]
[BlackTeamCountry "ISR"]

{[%evp 11,61,19,20,19,30,29,37,30,31,27,27,12,12,12,16,8,19,-5,0,0,0,0,0,-13,2,
0,19,27,24,37,50,-25,0,0,0,0,0,0,0,0,8,8,8,8,8,8,10,10,10,0,0,0]} 1. e4 {
Almasi,Z} c5 2. Nf3 Nc6 3. Bb5 e6 4. O-O Nge7 5. Re1 Nd4 6. Nxd4 cxd4 7. d3 {
B30: Sicilian: 2...Nc6 3 Bb5, lines without ...g6.} Ng6 8. Qh5 {[#]} Qc7 $146 (
{Predecessor:} 8... e5 9. Bc4 Be7 10. c3 dxc3 11. Nxc3 O-O 12. Be3 d6 13. d4
Kh8 14. Nd5 f5 15. exf5 Bxf5 16. dxe5 Nxe5 17. Nxe7 Qxe7 {1/2-1/2 (65) Almasi,
Z (2695)-Moiseenko,A (2698) Legnica 2013 CBM 155 [Almasi,Z]}) 9. Ba4 {White is
slightly better.} Qc5 10. Qxc5 Bxc5 11. Nd2 a6 12. Nf3 b5 13. Bb3 Bb7 14. c3
dxc3 15. bxc3 O-O 16. Bd2 Ba3 17. Rab1 f5 18. c4 fxe4 19. dxe4 Rac8 20. cxb5
axb5 21. Ba4 {[#]} Bxe4 $1 22. Rxe4 {The position is equal.} bxa4 23. Rxa4 Ra8
24. Rxa8 Rxa8 25. Rb7 Be7 26. Rxd7 Rxa2 27. g3 Bf6 28. Be3 Ne5 29. Nxe5 Bxe5
30. Ra7 Rxa7 31. Bxa7 {Weighted Error Value: White=0.10/Black=0.05} 1/2-1/2

[Event "23rd ETCC Open 2021"]
[Site "Catez"]
[Date "2021.11.15"]
[Round "4.36"]
[White "Boruchovsky, Avital"]
[Black "Martinovic, Sasa"]
[Result "1/2-1/2"]
[WhiteElo "2542"]
[BlackElo "2542"]
[Annotator "ChessBase"]
[PlyCount "73"]
[EventDate "2021.11.08"]
[EventType "team-tourn"]
[EventCountry "SLO"]
[SourceTitle "playchess.com"]
[Source "ChessBase"]
[SourceQuality "1"]
[WhiteTeam "Israel"]
[BlackTeam "Croatia"]
[WhiteTeamCountry "ISR"]
[BlackTeamCountry "CRO"]
[TimeControl "40/5400+30:1800+30"]

1. Nf3 Nf6 2. g3 g6 3. Bg2 Bg7 4. O-O O-O 5. d4 d5 6. c4 c6 7. a4 Be6 8. a5 Na6
9. Qb3 Qc8 10. Na3 Ne4 11. Ne5 dxc4 12. Naxc4 Nd6 13. Qa4 Nxc4 14. Nxc4 Rd8 15.
Ne5 c5 16. Be3 Bxe5 17. dxe5 Bd5 18. Rfd1 Bxg2 19. Kxg2 Qc7 20. Qe4 Kg7 21. h4
Qc6 22. Qxc6 bxc6 23. Rac1 Rd5 24. Rxd5 cxd5 25. Bxc5 Nxc5 26. Rxc5 Rb8 27.
Rxd5 Rxb2 28. e3 Ra2 29. g4 e6 30. Rc5 h5 31. g5 a6 32. Kg3 Kf8 33. f4 Ke7 34.
Rc7+ Kf8 35. Rc5 Ke7 36. Kf3 Ra4 37. Rc7+ 1/2-1/2

[Event "23rd ETCC Open 2021"]
[Site "Catez"]
[Date "2021.11.15"]
[Round "4.37"]
[White "Deac, Bogdan-Daniel"]
[Black "Ragger, Markus"]
[Result "1/2-1/2"]
[WhiteElo "2651"]
[BlackElo "2668"]
[Annotator "ChessBase"]
[PlyCount "70"]
[EventDate "2021.11.08"]
[EventType "team-tourn"]
[EventCountry "SLO"]
[SourceTitle "playchess.com"]
[Source "ChessBase"]
[SourceQuality "1"]
[WhiteTeam "Romania"]
[BlackTeam "Austria"]
[WhiteTeamCountry "ROU"]
[BlackTeamCountry "AUT"]
[TimeControl "40/5400+30:1800+30"]

1. e4 e5 2. Nf3 Nc6 3. Bb5 Nf6 4. d3 Bc5 5. c3 d5 6. Nbd2 dxe4 7. dxe4 O-O 8.
O-O a5 9. a3 Qe7 10. Rb1 Rd8 11. Qc2 Bd7 12. b4 Bd6 13. Be2 axb4 14. axb4 Nb8
15. Bc4 b5 16. Be2 Na6 17. Nb3 h6 18. h3 Bc6 19. Nfd2 Be8 20. Nf3 Bc6 21. Nbd2
Bd7 22. Re1 Rab8 23. Ra1 Ra8 24. Ra5 c6 25. Nb3 Bc7 26. Ra3 Bb6 27. Bb2 Ra7 28.
Bf1 Rda8 29. Raa1 Bc7 30. Rab1 c5 31. bxc5 Nxc5 32. Nxc5 Qxc5 33. Nd2 Bb6 34.
Nb3 Qe7 35. c4 bxc4 1/2-1/2